000 01514nam a22003497i 4500
999 _c174422
_d174422
003 PPAK
005 20191013163402.0
008 190922t20192019mnua b 001 0 eng d
020 _a9781515829812
_cRM21.30
_qpaperback
040 _aPPAK
_beng
_cPPAK
_erda
082 0 4 _223
_a551.5
090 0 0 _a551.5
_bBRA
_dR
100 1 _aBraun, Eric,
_eauthor.
_d1971-
245 1 0 _aCURIOUS PEARL DIVES INTO WEATHER :
_bAn Augmented Reading Science Experience /
_cby Eric Braun ; illustrated by Anthony Lewis
264 1 _aNorth Mankato, Minnesota :
_bPICTURE WINDOW BOOKS ,
_c[2019]
264 4 _c© 2019
300 _a24 pages :
_bcolour illustrations ;
_c25 cm
336 _2rdacontent
_atext
337 _2rdamedia
_aunmediated
338 _2rdacarrier
_avolume
490 1 _aCURIOUS PEARL. SCIENCE GIRL
500 _aA 4D Book
504 _aIncludes bibliographical references (page 22) and index.
520 _a"It's summer, and Curious Pearl and her friend Sabina are at the beach. Sabina convinces Pearl to get in the water, but then it begins to rain! They run to Pearl's home to change into dry clothes and learn more about weather. Free bonus video content through the Capstone 4D augmented reality app enhances the science experience."
521 1 _aAudience Ages 5-7.
521 2 _aK to grade 3.
650 1 0 _aMeteorology
_vJuvenile literature
650 2 0 _aWeather
_vJuvenile literature
700 1 _aLewis, Anthony,
_eillustrator.
830 0 _aCurious Pearl. science girl
942 _2ddc
_cB